Art appreciation for college students/ (Record no. 364406)
[ view plain ]
| 000 -LEADER | |
|---|---|
| fixed length control field | 00437nam a2200133Ia 4500 |
| 008 - FIXED-LENGTH DATA ELEMENTS--GENERAL INFORMATION | |
| fixed length control field | 200922s9999 xx 000 0 und d |
| 020 ## - INTERNATIONAL STANDARD BOOK NUMBER | |
| International Standard Book Number | 978-621-406-160-0 |
| 100 ## - MAIN ENTRY--PERSONAL NAME | |
| Personal name | Leaño, Roman D. |
| 245 ## - TITLE STATEMENT | |
| Statement of responsibility, etc | Roman D. Leaño, Jenny Marsha B. Agtani |
| Title | Art appreciation for college students/ |
| 260 ## - PUBLICATION, DISTRIBUTION, ETC. (IMPRINT) | |
| Place of publication, distribution, etc | Manila: |
| Name of publisher, distributor, etc | Mindshapers Co., Inc. |
| Date of publication, distribution, etc | 2018 |
| 300 ## - PHYSICAL DESCRIPTION | |
| Extent | xvi, 314 pages |
| Dimensions | 25 cm. |
| 650 ## - SUBJECT ADDED ENTRY--TOPICAL TERM | |
| Topical term or geographic name as entry element | Art -- study and teaching |
| 650 ## - SUBJECT ADDED ENTRY--TOPICAL TERM | |
| Topical term or geographic name as entry element | Art criticism |
| Withdrawn status | Lost status | Damaged status | Home library | Current library | Shelving location | Date acquired | Source of acquisition | Total Checkouts | Total Renewals | Full call number | Barcode | Date last seen | Date checked out | Price effective from | Koha item type |
|---|---|---|---|---|---|---|---|---|---|---|---|---|---|---|---|
| College Library | College Library | Filipiniana Section | 09/22/2020 | 3 | 15 | N 7435 .L437 2019 | C22492 | 05/25/2022 | 03/23/2022 | 09/22/2020 | Books |